Create success

Wedi'i Gadw mewn:
Manylion Llyfryddiaeth
Prif Awdur: Doyle, Jon
Awduron Eraill: 1963- 1945-
Fformat: Llyfr
Iaith:English
Cyhoeddwyd: New York McGraw Hill 2013
Pynciau:
Tagiau: Ychwanegu Tag
Dim Tagiau, Byddwch y cyntaf i dagio'r cofnod hwn!
Thư viện lưu trữ: Mạng thư viện Đại học Đà Nẵng
LEADER 01302nam a2200373 4500
001 000023477
003 19928
005 20151211101214.0
008 151211s2013 engsd
020 |a 9780077579401  |a 9780073375137 (alk. paper)  |a 0073375136 (alk. paper) 
041 0 |a eng 
082 1 4 |a 378.198  |b DO-J 
100 1 |a Doyle, Jon 
245 1 0 |a Create success  |c Jon Doyle 
260 |a New York  |b McGraw Hill  |c 2013 
300 |a 1 v.  |b ill.  |c 28 cm. 
650 0 |a College student orientation  |z United States 
650 0 |a College students  |v Life skills guides  |z United States 
650 0 |a Study skills  |z United States 
650 0 |a Vocational guidance  |z United States 
650 0 |a Education, Higher  |x Curricula  |z United States 
653 |a Giáo dục đại học 
653 |a Kỷ luật 
700 1 |d 1963-  |d 1945-  |q Pamela A. 
OWN |a LSP 
AVA |a UDN50  |b LSP  |d 378.198 DO-J  |e available  |t Error 5001 Not defined in file expand_doc_bib_avail.  |f 2  |g 0  |h N  |i 0  |k 1 
999 |a From the UDN01 
AVA |a UDN50  |b LSP  |d 378.198 DO-J  |e available  |t Error 5001 Not defined in file expand_doc_bib_avail.  |f 2  |g 0  |h N  |i 0  |k 1 
TYP |a Monograph 
TYP |a Printed language 
980 |a Mạng thư viện Đại học Đà Nẵng